| 000 | 00876nam a2200217 i 4500 | ||
|---|---|---|---|
| 001 | 34719 | ||
| 003 | ES-MaACL | ||
| 005 | 20251003184856.0 | ||
| 007 | t| | ||
| 008 | 030207s1902 sp ||||1| spa d | ||
| 100 | 1 |
_aBoas, Ismar ( _d1858-1938) _929636 |
|
| 245 | 1 | 0 |
_aDiagnóstico y tratamiento de las enfermedades del estómago según el estado actual de la ciencia / _cpor J. Boas ; cuarta edición corregida y aumentada por Rafael del Valle, Miguel Gil y Casares ; con un prólogo de Eduardo Moreno Zaneudo. |
| 260 |
_aMadrid : _b[s.n., _c1902] ( _fNicolás Moya) |
||
| 300 |
_a2 v. ; _c25 cm. |
||
| 650 | 4 |
_aEstómago- _xEnfermedades. _9136069 |
|
| 700 | 1 |
_aValle, Rafael del. _9112774 |
|
| 700 | 1 |
_aGil-Casares, Miguel, _d1871-1931 _956893 |
|
| 700 | 1 |
_aMoreno Zancudo, Eduardo, _d1853-1908 _9158923 |
|
| 852 |
_aES-MaACL _jE-1476-77 |
||
| 999 |
_c34719 _d34719 |
||